Låt oss hjälpas åt med barnen
Descripción Física:
24 pàgines no numerades, il·lustracions en blanc i negre ; 21 cm
Materias:
Puericultura
; Fons Dolors Canals i Farriols (1913-2010)
; Infants -- Criança
; Jocs infantils
; Escoles bressol -- Suècia
; Pedagogia social -- Suècia
Idioma:
Catalán
MARC
| LEADER | 00000nam a22000007a 4500 | ||
|---|---|---|---|
| 001 | 24881 | ||
| 003 | AGDB | ||
| 005 | 20260324181540.0 | ||
| 008 | 251126b spa||||| |||| 00| 0 cat d | ||
| 040 | |a agdb |b cat | ||
| 041 | |a Suec | ||
| 245 | |a Låt oss hjälpas åt med barnen | ||
| 260 | |a Stockholm : |b Bröderna Lagerström, |c 1947 | ||
| 300 | |a 24 pàgines no numerades, |b il·lustracions en blanc i negre ; |c 21 cm | ||
| 500 | |a Prové del fons Dolors Canals i Farriols (1913-2010) | ||
| 500 | |a El document es basa en una tesi del Seminari Nacional de Pedagogia de Suècia. | ||
| 650 | 0 | |a Puericultura |9 25715 | |
| 650 | 0 | |a Fons Dolors Canals i Farriols (1913-2010) |9 72778 | |
| 650 | 0 | |a Infants |x Criança |2 Arxiu |9 30077 | |
| 650 | 0 | |a Jocs infantils |2 Arxiu |9 29177 | |
| 650 | 0 | |a Escoles bressol |z Suècia |9 72821 | |
| 650 | 0 | |a Pedagogia social |z Suècia |9 72837 | |
| 942 | |2 udc |c ARXIU |n 1 | ||
| 952 | |0 0 |1 0 |2 udc |4 0 |6 F50318 |7 1 |9 98702 |a Arxiu |b Arxiu |d 2025-11-26 |l 0 |o F-503-18 |p 24881 |r 2025-11-26 10:32:41 |w 2025-11-26 |y ARXIU | ||
| 999 | |c 130436 |d 130436 | ||